Kúpeľníctvo na Slovensku vývoj, výzvy a inovačný potenciál
Guardado en:
| Autor principal: | |
|---|---|
| Autor Corporativo: | |
| Otros Autores: | , |
| Formato: | Libro |
| Lenguaje: | eslovaco |
| Publicado: |
Bratislava
Vydavateľstvo EKONÓM
2026
|
| Edición: | 1. vydanie |
| Materias: | |
| Etiquetas: |
Sin Etiquetas, Sea el primero en etiquetar este registro!
|
MARC
| LEADER | 00000nam a2200000 4500 | ||
|---|---|---|---|
| 001 | 0314662 | ||
| 005 | 20260304102527.1 | ||
| 020 | |a 979-80-225-5291-2 | ||
| 041 | 0 | |a slo | |
| 044 | |a SK | ||
| 245 | 1 | 0 | |a Kúpeľníctvo na Slovensku |b vývoj, výzvy a inovačný potenciál |c Miroslava Čukanová ; recenzenti: Ľubomíra Strážovská, Michal Lukáč |
| 250 | |a 1. vydanie | ||
| 264 | 1 | |a Bratislava |b Vydavateľstvo EKONÓM |c 2026 | |
| 300 | |a 116 s. [6,331 AH] | ||
| 610 | 2 | 0 | |a ruch cestovný kúpeľný |
| 610 | 2 | 0 | |a inovácie sociálne |
| 610 | 2 | 0 | |a inovácie technologické |
| 610 | 2 | 0 | |a kúpele |
| 610 | 2 | 0 | |a kúpeľníctvo |
| 610 | 2 | 0 | |a starostlivosť kúpeľná |
| 610 | 2 | 0 | |a zdravotníctvo |
| 610 | 2 | 0 | |a sily pracovné |
| 610 | 2 | 0 | |a klaster |
| 610 | 2 | 0 | |a makroekonomika |
| 610 | 2 | 0 | |a Slovensko |
| 100 | 1 | |a Čukanová, Miroslava, 1984- | |
| 700 | 1 | |a Strážovská, Ľubomíra | |
| 700 | 1 | |a Lukáč, Michal | |
| 710 | 2 | |a Ekonomická univerzita v Bratislave. Obchodná fakulta | |